000 00963nam0a22002651 4500
001 rc\4515260
005 20250612104636.0
021 _aRU
_b[66-7076]
035 _a(NLR Aleph) 008621723
090 _a8827406
_c8827406
100 _a20130416d1965 |||y0rusy50 ca
101 0 _arus
102 _aRU
105 _aa z |||||
200 1 _aСтроение и функция нектарников цветка двудольных растений
_fТомский гос. ун-т им. В.В. Куйбышева
210 _aТомск
_cИзд-во Томского ун-та
_d1965
215 _a195 с., 8 л. ил.
_cил.
_d26
320 _aБиблиогр.: с. 178-189
606 _aНектарники двудольных растений
_2psbo
700 1 _aКарташова
_bН.Н.
_f1907-
_gНадежда Николаевна
801 0 _aRU
_bNLR
_gpsbo
801 1 _aRU
_bELAR
_2rusmarc
852 _aNLR
_j66-7/238
942 _cBOOK
980 _aNB